[Event "POL-ch Women MOKATE 2020"]
[Site "Ostrow Wielkopolski"]
[Date "2020.08.12"]
[Round "11"]
[White "Cyfka, Karina"]
[Black "Kulon, Klaudia"]
[Result "1-0"]
[WhiteElo "2411"]
[BlackElo "2336"]
[Annotator "ChessBase"]
[PlyCount "103"]
[EventDate "2020.08.04"]
[EventType "tourn"]
[EventCountry "POL"]
[SourceTitle "playchess.com"]
[Source "ChessBase"]
[SourceQuality "1"]
[TimeControl "40/5400+30:1800+30"]

1. d4 {[%emt 1:15:12]} Nf6 {[%emt 1:15:15]} 2. c4 {[%emt 0:00:24]} Nc6 {[%emt 0:00:24]} 3. Nf3 {[%emt 0:00:23]} e6 {[%emt 0:00:21]} 4. a3 {[%emt 0:00:21]} d6 {[%emt 0:00:24]} 5. Nc3 {[%emt 0:00:22]} g6 {[%emt 0:00:21]} 6. e4 {[%emt 0:00:22]} Bg7 {[%emt 0:00:21]} 7. Be3 {[%emt 0:00:27]} O-O {[%emt 0:00:30]} 8. h3 {[%emt 0:00:22]} e5 {[%emt 0:01:13]} 9. d5 {[%emt 0:02:06]} Nd4 {[%emt 0:00:21]} 10. Nxd4 {[%emt 0:03:31]} exd4 {[%emt 0:00:21]} 11. Bxd4 {[%emt 0:00:22]} Nxe4 {[%emt 0:02:26]} 12. Bxg7 {[%emt 0:01:29]} Re8 {[%emt 0:00:24]} 13. Be2 {[%emt 0:02:32]} Kxg7 {[%emt 0:00:29]} 14. Qd4+ {[%emt 0:01:22]} Qf6 {[%emt 0:00:21]} 15. Qxf6+ {[%emt 0:00:21]} Kxf6 {[%emt 0:00:21]} 16. Nxe4+ {[%emt 0:00:51]} Rxe4 {[%emt 0:00:21]} 17. Kd2 {[%emt 0:00:22]} Bf5 {[%emt 0:00:43]} 18. g4 {[%emt 0:01:45]} Bd7 {[%emt 0:00:21]} 19. f3 {[%emt 0:01:09]} Re7 {[%emt 0:00:39]} 20. h4 {[%emt 0:01:21]} Rae8 {[%emt 0:00:42]} 21. Bd3 {[%emt 0:00:55]} h6 {[%emt 0:00:40]} 22. Rhg1 {[%emt 0:00:56]} Ke5 {[%emt 0:02:16]} 23. Ke3 {[%emt 0:01:02]} f5 {[%emt 0:03:00]} 24. g5 {[%emt 0:01:09]} hxg5 {[%emt 0:00:21]} 25. hxg5 {[%emt 0:00:40]} f4+ {[%emt 0:00:21]} 26. Kd2 {[%emt 0:02:32]} Kd4 {[%emt 0:00:22]} 27. Rg2 {[%emt 0:00:43]} Re5 {[%emt 0:00:59]} 28. Rh1 {[%emt 0:00:43]} b5 {[%emt 0:03:41]} 29. Rh4 {[%emt 0:00:33]} Rf8 {[%emt 0:01:19]} 30. cxb5 {[%emt 0:00:23]} Rxd5 {[%emt 0:01:24]} 31. Bxg6 {[%emt 0:00:34]} Rxb5 {[%emt 0:02:11]} 32. b4 {[%emt 0:00:29]} a5 {[%emt 0:00:21]} 33. Bd3 {[%emt 0:00:33]} Rbb8 {[%emt 0:00:49]} 34. g6 {[%emt 0:00:26]} axb4 {[%emt 0:01:11]} 35. g7 {[%emt 0:00:22]} Rg8 {[%emt 0:00:20]} 36. Rxf4+ {[%emt 0:00:27]} Ke5 {[%emt 0:00:21]} 37. Re4+ {[%emt 0:00:43]} Kf6 {[%emt 0:00:22]} 38. Rf4+ {[%emt 0:00:23]} Ke7 {[%emt 0:00:59]} 39. Re4+ {[%emt 0:00:32]} Be6 {[%emt 0:01:19]} 40. Rg6 {[%emt 0:00:37]} bxa3 {[%emt 0:00:52]} 41. Rgxe6+ {[%emt 0:30:31]} Kd7 {[%emt 0:30:25]} 42. Re7+ {[%emt 0:00:23]} Kc6 {[%emt 0:00:24]} 43. Bc4 {[%emt 0:00:28]} d5 {[%emt 0:00:53]} 44. R4e6+ {[%emt 0:00:29]} Kc5 {[%emt 0:00:21]} 45. Rxc7+ {[%emt 0:00:33]} Kd4 {[%emt 0:00:22]} 46. Ba2 {[%emt 0:00:29]} Rb2+ {[%emt 0:00:32]} 47. Rc2 {[%emt 0:00:22]} Rxg7 {[%emt 0:00:22]} 48. Rxb2 {[%emt 0:00:39]} axb2 {[%emt 0:00:21]} 49. Kc2 {[%emt 0:00:24]} Rg2+ {[%emt 0:00:23]} 50. Kb1 {[%emt 0:00:26]} Kd3 {[%emt 0:00:52]} 51. Bxd5 {[%emt 0:00:33]} Kc3 {[%emt 0:00:21]} 52. Rc6+ 1-0